00656 2200241 4500001002100000005001500021035002500036090001600061245005900077260004900136300002200185008004100207040001700248082001200265084001400277100003400291650002300325850001200348041000800360500002400368990001100392990001100403YOGYA00000000002344120190422112003 a0010-081400000023159 aL 128 KAR g1 aGagasan prakara tindaking ngaurip /cRaden Kartawibawa3 aWeltevreden :bN.V. Uitg. Mij Papyrus,c1921 a88 hlm. ;c23 cm.130803s1921 xx g 1 | d aYOPDYOGbind04223a128 a128 KAR g1 aKartawibawacRadenepengarang 4aFilsafat Kehidupan aYOPDYOG0 ajav aTeks beraksara Jawa a2978/A a6148-B